[Event "Int SVK-ch Open 2020"]
[Site "Drienica"]
[Date "2020.08.11"]
[Round "5.7"]
[White "Harvan, Tomas"]
[Black "Belis, Rudolf"]
[Result "0-1"]
[WhiteElo "1788"]
[BlackElo "1924"]
[Annotator "ChessBase"]
[PlyCount "104"]
[EventDate "2020.08.07"]
[EventType "swiss"]
[EventCountry "SVK"]
[SourceTitle "playchess.com"]
[Source "ChessBase"]
[SourceQuality "1"]
[TimeControl "40/5400+30:1800+30"]

1. e4 {[%emt 0:00:00]} d6 {[%emt 0:00:06]} 2. Nf3 {[%emt 0:02:17]} Nf6 {[%emt 0:00:11]} 3. Nc3 {[%emt 0:00:07]} Nbd7 {[%emt 0:00:08]} 4. d4 {[%emt 0:00:10]} e5 {[%emt 0:00:08]} 5. Bc4 {[%emt 0:01:57]} Be7 {[%emt 0:00:22]} 6. O-O {[%emt 0:00:46]} c6 {[%emt 0:00:10]} 7. Bb3 {[%emt 0:00:50]} h6 {[%emt 0:00:27]} 8. h3 {[%emt 0:06:17]} Qc7 {[%emt 0:00:13]} 9. Be3 {[%emt 0:03:44]} g5 {[%emt 0:00:34]} 10. Nh2 {[%emt 0:12:48]} Nf8 {[%emt 0:01:02]} 11. Qf3 {[%emt 0:07:59]} Ng6 {[%emt 0:01:01]} 12. Rad1 {[%emt 0:06:34]} Nf4 {[%emt 0:00:46]} 13. Kh1 {[%emt 0:06:45]} h5 {[%emt 0:04:03]} 14. Bxf4 {[%emt 0:01:13]} gxf4 {[%emt 0:00:31]} 15. dxe5 {[%emt 0:01:02]} dxe5 {[%emt 0:00:08]} 16. Qe2 {[%emt 0:15:57]} Rh7 {[%emt 0:01:17]} 17. Nf3 {[%emt 0:00:42]} Nd7 {[%emt 0:09:48]} 18. a3 {[%emt 0:06:48]} Nc5 {[%emt 0:02:23]} 19. Ba2 {[%emt 0:00:04]} Ne6 {[%emt 0:02:15]} 20. Rd2 {[%emt 0:04:12]} Bd7 {[%emt 0:01:16]} 21. Rfd1 {[%emt 0:00:38]} O-O-O {[%emt 0:00:17]} 22. b4 {[%emt 0:01:37]} Bf6 {[%emt 0:00:47]} 23. Rd6 {[%emt 0:01:22]} Rh6 {[%emt 0:15:17]} 24. R6d2 {[%emt 0:05:32]} a6 {[%emt 0:00:19]} 25. Na4 {[%emt 0:02:43]} Rhh8 {[%emt 0:05:04]} 26. Bxe6 {[%emt 0:02:03]} Bxe6 {[%emt 0:00:31]} 27. Nc5 {[%emt 0:01:28]} Rxd2 {[%emt 0:00:40]} 28. Rxd2 {[%emt 0:00:04]} Rd8 {[%emt 0:01:51]} 29. Rxd8+ {[%emt 0:01:18]} Qxd8 {[%emt 0:01:36]} 30. Nxe6 {[%emt 0:01:41]} fxe6 {[%emt 0:00:02]} 31. Qd3 {[%emt 0:00:45]} Qxd3 {[%emt 0:00:38]} 32. cxd3 {[%emt 0:00:06]} Kc7 {[%emt 0:00:46]} 33. g4 {[%emt 0:04:19]} fxg3 {[%emt 0:02:49]} 34. fxg3 {[%emt 0:00:03]} Kb6 {[%emt 0:00:08]} 35. a4 {[%emt 0:01:09]} a5 {[%emt 0:00:08]} 36. g4 {[%emt 0:00:50]} hxg4 {[%emt 0:00:21]} 37. hxg4 {[%emt 0:00:04]} axb4 {[%emt 0:00:09]} 38. g5 {[%emt 0:01:23]} Be7 {[%emt 0:01:40]} 39. Nxe5 {[%emt 0:01:13]} Bxg5 {[%emt 0:00:24]} 40. Nd7+ {[%emt 0:00:16]} Ka5 {[%emt 0:01:56]} 41. Nc5 {[%emt 0:03:38]} Be7 {[%emt 0:00:09]} 42. Nxe6 {[%emt 0:00:41]} b3 {[%emt 0:00:14]} 43. Nd4 {[%emt 0:00:19]} Kb4 {[%emt 0:00:24]} 44. Nxb3 {[%emt 0:00:43]} Kxb3 {[%emt 0:00:01]} 45. d4 {[%emt 0:01:48]} Bd6 {[%emt 0:00:52]} 46. a5 {[%emt 0:01:02]} Kc4 {[%emt 0:00:11]} 47. d5 {[%emt 0:00:29]} c5 {[%emt 0:00:01]} 48. Kg2 {[%emt 0:00:26]} Kd3 {[%emt 0:00:06]} 49. Kf3 {[%emt 0:00:15]} c4 {[%emt 0:00:03]} 50. e5 {[%emt 0:01:15]} Bxe5 {[%emt 0:00:06]} 51. Kg4 {[%emt 0:00:05]} c3 {[%emt 0:00:06]} 52. Kf5 {[%emt 0:00:03]} Bc7 {[%emt 0:00:08]} 0-1

[Event "Int SVK-ch Open 2020"]
[Site "Drienica"]
[Date "2020.08.13"]
[Round "5.8"]
[White "Lehocz, Jozsef"]
[Black "Kravec Patrik"]
[Result "1-0"]
[WhiteElo "1959"]
[BlackElo "2119"]
[Annotator "ChessBase"]
[PlyCount "81"]
[EventDate "2020.08.07"]
[EventType "swiss"]
[EventCountry "SVK"]
[TimeControl "40/5400+30:1800+30"]

1. e4 {[%emt 0:00:00]} d5 {[%emt 0:09:29]} 2. exd5 {[%emt 0:00:07]} Qxd5 {[%emt 0:02:04]} 3. Nc3 {[%emt 0:04:16]} Qa5 {[%emt 0:00:44]} 4. g3 {[%emt 0:03:04]} Nf6 {[%emt 0:00:46]} 5. Bg2 {[%emt 0:00:11]} c6 {[%emt 0:03:48]} 6. Nf3 {[%emt 0:03:44]} Qh5 {[%emt 0:06:56]} 7. d4 {[%emt 0:01:45]} Bh3 {[%emt 0:01:05]} 8. Bxh3 {[%emt 0:07:54]} Qxh3 {[%emt 0:00:17]} 9. Qe2 {[%emt 0:00:56]} e6 {[%emt 0:03:56]} 10. Bg5 {[%emt 0:08:17]} Nbd7 {[%emt 0:02:22]} 11. O-O-O {[%emt 0:01:01]} Be7 {[%emt 0:01:36]} 12. Ne5 {[%emt 0:11:58]} Rd8 {[%emt 0:10:51]} 13. f4 {[%emt 0:03:21]} Nb6 {[%emt 0:04:29]} 14. Rd3 {[%emt 0:04:50]} h6 {[%emt 0:07:21]} 15. g4 {[%emt 0:02:40]} Qxd3 {[%emt 0:02:07]} 16. Qxd3 {[%emt 0:01:20]} hxg5 {[%emt 0:00:05]} 17. fxg5 {[%emt 0:00:18]} Nfd7 {[%emt 0:00:23]} 18. Qe4 {[%emt 0:14:56]} Bxg5+ {[%emt 0:00:20]} 19. Kb1 {[%emt 0:00:03]} Nf6 {[%emt 0:01:08]} 20. Qd3 {[%emt 0:04:29]} Bf4 {[%emt 0:01:15]} 21. Qe2 {[%emt 0:04:42]} Rxd4 {[%emt 0:01:59]} 22. Nf3 {[%emt 0:00:07]} Rd7 {[%emt 0:04:37]} 23. g5 {[%emt 0:02:45]} Nfd5 {[%emt 0:01:21]} 24. Ne4 {[%emt 0:02:00]} Re7 {[%emt 0:03:18]} 25. h4 {[%emt 0:01:00]} a5 {[%emt 0:05:10]} 26. h5 {[%emt 0:01:27]} a4 {[%emt 0:00:50]} 27. Qd3 {[%emt 0:03:27]} f5 {[%emt 0:06:27]} 28. c4 {[%emt 0:03:05]} fxe4 {[%emt 0:03:31]} 29. Qxe4 {[%emt 0:00:09]} Rf8 {[%emt 0:02:14]} 30. cxd5 {[%emt 0:01:41]} exd5 {[%emt 0:00:14]} 31. Qb4 {[%emt 0:01:02]} Be3 {[%emt 0:02:19]} 32. h6 {[%emt 0:01:49]} gxh6 {[%emt 0:04:17]} 33. gxh6 {[%emt 0:00:02]} Nc4 {[%emt 0:08:15]} 34. b3 {[%emt 0:03:34]} Rxf3 {[%emt 0:00:50]} 35. bxc4 {[%emt 0:00:01]} Bd4 {[%emt 0:00:32]} 36. cxd5 {[%emt 0:00:51]} c5 {[%emt 0:00:30]} 37. Qxa4+ {[%emt 0:00:26]} Kf7 {[%emt 0:00:00]} 38. h7 {[%emt 0:00:25]} Re2 {[%emt 0:00:00]} 39. Qxd4 {[%emt 0:00:19]} cxd4 {[%emt 0:00:24]} 40. h8=Q {[%emt 0:00:08]} d3 {[%emt 0:00:14]} 41. Qh5+ {[%emt 0:30:23]} 1-0

[Event "Int SVK-ch Open 2020"]
[Site "Drienica"]
[Date "2020.08.11"]
[Round "5.8"]
[White "Ganzova, Veronika"]
[Black "Geffert, Anton"]
[Result "0-1"]
[WhiteElo "1614"]
[BlackElo "1909"]
[Annotator "TA"]
[PlyCount "92"]
[EventDate "2020.08.07"]
[EventType "swiss"]
[EventCountry "SVK"]
[SourceTitle "playchess.com"]
[Source "ChessBase"]
[SourceQuality "1"]

{[%evp 9,92,6,27,9,9,4,0,0,0,7,4,-20,22,15,17,34,95,72,110,70,110,58,118,55,47,33,111,0,105,27,29,0,0,0,7,14,7,0,0,0,0,0,0,0,0,-6,-10,-53,-41,-41,-24,-62,-47,-101,-101,-101,-101,-94,-83,-78,-40,-48,-8,-7,-9,-43,-36,-101,-94,-153,-147,-145,-143,-133,-89,-194,-208,-408,-401,-385,-363,-5589,-5525,-2488,-2373]} 1. e4 c5 2. Nf3 d6 3. d4 cxd4 4. Qxd4 Nc6 5. Qe3 g6 6. Be2 {B53: Sicilian: 2...d6: Lines with Qxd4.} Bg7 7. O-O Nf6 8. h3 {The position is equal.} O-O 9. Rd1 Qc7 10. Bd2 a6 11. c4 Nd7 12. Nc3 {[#]} Nb6 $146 (12... Qb6 $14) ({Predecessor:} 12... e6 13. Rab1 b6 14. Be1 Rd8 15. Qc1 Qb8 16. Bd2 Nde5 17. Bg5 Re8 18. Be3 Ra7 {1-0 (34) Wang,J (2180)-Wisniowska,K (1961) Moscow 2010}) 13. Rab1 Ne5 14. b3 Bd7 15. Bc1 ({White should play} 15. Nxe5 $16 Bxe5 16. Rbc1) 15... Bc6 (15... Nxf3+ $14 16. Bxf3 Rfc8) 16. Nd5 (16. Nd4 $16) 16... Bxd5 17. cxd5 Nbd7 (17... Nxf3+ $14 18. Qxf3 (18. Bxf3 Nd7 $14) 18... Rfc8) 18. Bb2 (18. Nd4 $16) 18... Rac8 (18... Nxf3+ $11 {keeps the balance.} 19. Bxf3 Bxb2 20. Rxb2 Rfc8) 19. Nxe5 (19. Nd2 $16) 19... Bxe5 $11 20. Bg4 {[#] Bxe5 is the strong threat.} Bxb2 $1 21. Rxb2 h5 22. Bxd7 Qxd7 23. Qg5 Kg7 24. f4 f6 25. Qg3 Qc7 (25... Rc5 {feels hotter.} 26. Kh2 Rfc8 27. Rbd2 Rc3 28. Qf2 Rf8) 26. Rbd2 Qc3 $36 {[%mdl 2048] Black fights for an advantage.} 27. Qxc3 Rxc3 {[%mdl 4096] Endgame KRR-KRR} 28. Kf2 Rfc8 29. Re1 Kf7 30. Red1 Ke8 31. e5 ({Better is} 31. Re1 $15) 31... fxe5 $17 32. fxe5 dxe5 33. d6 {Threatens to win with d7+.} exd6 34. Rxd6 Rc2+ 35. Kg3 R2c6 36. R6d5 Re6 37. Re1 Rc3+ 38. Kf2 (38. Kh4 $15) 38... e4 39. Re3 {[#]} (39. Re2 $142) 39... Rc2+ $1 40. Re2 e3+ $1 41. Ke1 Rc3 42. Kd1 (42. g3 $17) 42... Ke7 $19 43. Rd4 $2 (43. Re1) 43... Rd6 44. Rxd6 Kxd6 45. Rc2 $2 (45. Re1 Kd5 46. Rf1) 45... Rxc2 46. Kxc2 Ke5 {Accuracy: White = 52%, Black = 71%.} 0-1

[Event "Int SVK-ch Open 2020"]
[Site "Drienica"]
[Date "2020.08.13"]
[Round "5.9"]
[White "Buran Jaroslav"]
[Black "Svobodova, Michaela"]
[Result "1/2-1/2"]
[WhiteElo "2098"]
[BlackElo "1997"]
[Annotator "ChessBase"]
[PlyCount "57"]
[EventDate "2020.08.07"]
[EventType "swiss"]
[EventCountry "SVK"]
[TimeControl "40/5400+30:1800+30"]

1. Nf3 {[%emt 0:00:31]} d5 {[%emt 0:00:10]} 2. d4 {[%emt 0:00:22]} Nf6 {[%emt 0:00:15]} 3. Bf4 {[%emt 0:02:02]} c5 {[%emt 0:01:27]} 4. dxc5 {[%emt 0:00:30]} Qa5+ {[%emt 0:04:12]} 5. Nc3 {[%emt 0:08:31]} Qxc5 {[%emt 0:09:26]} 6. e3 {[%emt 0:00:30]} Bg4 {[%emt 0:00:30]} 7. Bxb8 {[%emt 0:04:55]} Rxb8 {[%emt 0:17:45]} 8. Bb5+ {[%emt 0:05:29]} Kd8 {[%emt 0:02:26]} 9. h3 {[%emt 0:01:45]} Bxf3 {[%emt 0:03:49]} 10. Qxf3 {[%emt 0:02:18]} e6 {[%emt 0:02:33]} 11. e4 {[%emt 0:07:07]} dxe4 {[%emt 0:11:14]} 12. O-O-O+ {[%emt 0:01:11]} Bd6 {[%emt 0:08:47]} 13. Nxe4 {[%emt 0:08:12]} Nxe4 {[%emt 0:02:58]} 14. Qxe4 {[%emt 0:05:08]} Ke7 {[%emt 0:03:42]} 15. Ba4 {[%emt 0:12:27]} b5 {[%emt 0:05:27]} 16. Bb3 {[%emt 0:00:39]} Rhc8 {[%emt 0:01:36]} 17. Rhe1 {[%emt 0:02:57]} Kf8 {[%emt 0:03:19]} 18. Qxh7 {[%emt 0:05:46]} a5 {[%emt 0:03:56]} 19. Qh8+ {[%emt 0:02:33]} Ke7 {[%emt 0:00:06]} 20. Qxg7 {[%emt 0:00:27]} Bf4+ {[%emt 0:02:16]} 21. Kb1 {[%emt 0:00:12]} Rb6 {[%emt 0:01:00]} 22. Qd4 {[%emt 0:07:39]} a4 {[%emt 0:05:54]} 23. Qxf4 {[%emt 0:05:34]} axb3 {[%emt 0:00:05]} 24. Qh4+ {[%emt 0:01:37]} Ke8 {[%emt 0:01:42]} 25. Qh8+ {[%emt 0:04:53]} Ke7 {[%emt 0:00:14]} 26. Qh4+ {[%emt 0:00:23]} Ke8 {[%emt 0:00:30]} 27. Qh8+ {[%emt 0:02:03]} Ke7 {[%emt 0:00:16]} 28. Qh4+ {[%emt 0:00:14]} Ke8 {[%emt 0:01:46]} 29. Qh8+ {[%emt 0:02:15]} 1/2-1/2

[Event "Int SVK-ch Open 2020"]
[Site "Drienica"]
[Date "2020.08.11"]
[Round "5.9"]
[White "Bakalar, Jan"]
[Black "Strapec, Lukas"]
[Result "1/2-1/2"]
[WhiteElo "1900"]
[BlackElo "1517"]
[Annotator "ChessBase"]
[PlyCount "81"]
[EventDate "2020.08.07"]
[EventType "swiss"]
[EventCountry "SVK"]
[SourceTitle "playchess.com"]
[Source "ChessBase"]
[SourceQuality "1"]
[TimeControl "40/5400+30:1800+30"]

1. e4 {[%emt 0:00:44]} c5 {[%emt 0:00:18]} 2. Nc3 {[%emt 0:00:23]} Nc6 {[%emt 0:00:43]} 3. g3 {[%emt 0:00:07]} g6 {[%emt 0:01:20]} 4. Bg2 {[%emt 0:01:22]} Bg7 {[%emt 0:01:35]} 5. d3 {[%emt 0:00:06]} e6 {[%emt 0:01:47]} 6. Be3 {[%emt 0:00:09]} b6 {[%emt 0:02:51]} 7. Qd2 {[%emt 0:00:46]} Nge7 {[%emt 0:01:43]} 8. Bh6 {[%emt 0:00:14]} O-O {[%emt 0:02:40]} 9. h4 {[%emt 0:00:26]} f6 {[%emt 0:28:20]} 10. Bxg7 {[%emt 0:00:42]} Kxg7 {[%emt 0:00:30]} 11. h5 {[%emt 0:00:12]} g5 {[%emt 0:04:35]} 12. h6+ {[%emt 0:00:13]} Kh8 {[%emt 0:07:12]} 13. Nge2 {[%emt 0:07:21]} Bb7 {[%emt 0:10:08]} 14. O-O-O {[%emt 0:01:12]} d5 {[%emt 0:09:39]} 15. exd5 {[%emt 0:07:03]} exd5 {[%emt 0:02:05]} 16. Rdf1 {[%emt 0:03:09]} d4 {[%emt 0:08:28]} 17. Nd1 {[%emt 0:00:41]} Na5 {[%emt 0:03:34]} 18. Bxb7 {[%emt 0:03:32]} Nxb7 {[%emt 0:00:18]} 19. g4 {[%emt 0:02:57]} Qd5 {[%emt 0:01:55]} 20. Kb1 {[%emt 0:04:53]} Qf3 {[%emt 0:02:41]} 21. Rhg1 {[%emt 0:01:58]} Qh3 {[%emt 0:02:18]} 22. f4 {[%emt 0:01:19]} Qxh6 {[%emt 0:01:10]} 23. Rh1 {[%emt 0:00:14]} Qg6 {[%emt 0:01:53]} 24. f5 {[%emt 0:03:22]} Qf7 {[%emt 0:01:50]} 25. Ng3 {[%emt 0:00:10]} Nd6 {[%emt 0:01:10]} 26. Rh3 {[%emt 0:02:34]} Ng8 {[%emt 0:01:07]} 27. Rfh1 {[%emt 0:00:14]} h6 {[%emt 0:00:37]} 28. Nf2 {[%emt 0:00:35]} Qg7 {[%emt 0:00:55]} 29. Nfe4 {[%emt 0:01:07]} Nxe4 {[%emt 0:00:18]} 30. Nxe4 {[%emt 0:00:04]} Rad8 {[%emt 0:00:34]} 31. b3 {[%emt 0:03:33]} Rd7 {[%emt 0:00:26]} 32. Qh2 {[%emt 0:02:05]} Rff7 {[%emt 0:00:40]} 33. Rh5 {[%emt 0:04:04]} Rf8 {[%emt 0:00:24]} 34. Qg3 {[%emt 0:01:06]} Rfd8 {[%emt 0:00:26]} 35. R1h3 {[%emt 0:00:15]} Qf8 {[%emt 0:00:41]} 36. Qh2 {[%emt 0:01:06]} Rh7 {[%emt 0:00:21]} 37. Qd2 {[%emt 0:00:32]} Qg7 {[%emt 0:00:20]} 38. Rh1 {[%emt 0:02:11]} Qe7 {[%emt 0:00:35]} 39. Re1 {[%emt 0:00:23]} Qd7 {[%emt 0:00:36]} 40. Rhh1 {[%emt 0:00:27]} Re8 {[%emt 0:00:23]} 41. Rh5 {[%emt 0:31:16]} 1/2-1/2

[Event "Int SVK-ch Open 2020"]
[Site "Drienica"]
[Date "2020.08.13"]
[Round "5.10"]
[White "Priechodsky, Radovan"]
[Black "Frink Ferenc"]
[Result "0-1"]
[WhiteElo "2003"]
[BlackElo "2079"]
[Annotator "ChessBase"]
[PlyCount "64"]
[EventDate "2020.08.07"]
[EventType "swiss"]
[EventCountry "SVK"]
[TimeControl "40/5400+30:1800+30"]

1. d4 {[%emt 0:00:00]} Nf6 {[%emt 0:00:00]} 2. c4 {[%emt 0:00:00]} Nc6 {[%emt 0:00:00]} 3. Nf3 {[%emt 0:00:00]} e6 {[%emt 0:00:00]} 4. Nc3 {[%emt 0:00:05]} d6 {[%emt 0:00:15]} 5. e4 {[%emt 0:00:06]} Bd7 {[%emt 0:00:06]} 6. Be2 {[%emt 0:00:08]} h6 {[%emt 0:00:32]} 7. h3 {[%emt 0:00:11]} e5 {[%emt 0:01:30]} 8. d5 {[%emt 0:00:08]} Ne7 {[%emt 0:00:07]} 9. Be3 {[%emt 0:00:14]} Ng6 {[%emt 0:00:26]} 10. Qc2 {[%emt 0:03:24]} Be7 {[%emt 0:00:22]} 11. b4 {[%emt 0:08:44]} O-O {[%emt 0:01:51]} 12. a4 {[%emt 0:24:37]} a5 {[%emt 0:00:53]} 13. bxa5 {[%emt 0:01:27]} Rxa5 {[%emt 0:00:02]} 14. Rb1 {[%emt 0:00:13]} b6 {[%emt 0:00:11]} 15. O-O {[%emt 0:04:28]} Nh5 {[%emt 0:01:36]} 16. Nb5 {[%emt 0:16:53]} Nhf4 {[%emt 0:02:23]} 17. Nxc7 {[%emt 0:14:26]} Rxa4 {[%emt 0:02:44]} 18. Nb5 {[%emt 0:01:22]} Ra6 {[%emt 0:03:50]} 19. Rfc1 {[%emt 0:05:40]} f5 {[%emt 0:02:02]} 20. Bf1 {[%emt 0:00:33]} Bg5 {[%emt 0:03:40]} 21. Nc3 {[%emt 0:03:20]} fxe4 {[%emt 0:08:55]} 22. Nxg5 {[%emt 0:14:10]} hxg5 {[%emt 0:03:53]} 23. Nxe4 {[%emt 0:00:48]} Nh4 {[%emt 0:05:12]} 24. Ra1 {[%emt 0:00:27]} Rxa1 {[%emt 0:01:03]} 25. Rxa1 {[%emt 0:00:01]} Bf5 {[%emt 0:00:32]} 26. Bxf4 {[%emt 0:01:02]} gxf4 {[%emt 0:00:38]} 27. f3 {[%emt 0:00:23]} Bg6 {[%emt 0:02:52]} 28. Ra7 {[%emt 0:00:25]} Nf5 {[%emt 0:00:26]} 29. Qa4 {[%emt 0:00:35]} Ng3 {[%emt 0:23:11]} 30. Qd7 {[%emt 0:00:36]} Qxd7 {[%emt 0:01:24]} 31. Rxd7 {[%emt 0:00:24]} Bxe4 {[%emt 0:00:52]} 32. fxe4 {[%emt 0:00:08]} Ra8 {[%emt 0:00:23]} 0-1

[Event "Int SVK-ch Open 2020"]
[Site "Drienica"]
[Date "2020.08.11"]
[Round "5.10"]
[White "Janik, Marek Tobias"]
[Black "Sedlakova, Ivana"]
[Result "1/2-1/2"]
[WhiteElo "1600"]
[BlackElo "1983"]
[Annotator "ChessBase"]
[PlyCount "72"]
[EventDate "2020.08.07"]
[EventType "swiss"]
[EventCountry "SVK"]
[SourceTitle "playchess.com"]
[Source "ChessBase"]
[SourceQuality "1"]
[TimeControl "40/5400+30:1800+30"]

1. c4 {[%emt 0:00:00]} c6 {[%emt 0:00:43]} 2. Nc3 {[%emt 0:00:50]} d5 {[%emt 0:01:23]} 3. cxd5 {[%emt 0:03:30]} cxd5 {[%emt 0:00:06]} 4. Nf3 {[%emt 0:00:15]} Nc6 {[%emt 0:01:04]} 5. d4 {[%emt 0:01:00]} Nf6 {[%emt 0:15:50]} 6. e3 {[%emt 0:05:33]} e6 {[%emt 0:07:06]} 7. Bd3 {[%emt 0:02:09]} Bd6 {[%emt 0:00:48]} 8. O-O {[%emt 0:00:44]} O-O {[%emt 0:00:25]} 9. e4 {[%emt 0:02:26]} dxe4 {[%emt 0:03:05]} 10. Nxe4 {[%emt 0:00:31]} Nxe4 {[%emt 0:00:30]} 11. Bxe4 {[%emt 0:00:07]} f5 {[%emt 0:01:10]} 12. Bc2 {[%emt 0:02:14]} Bc7 {[%emt 0:17:54]} 13. Bb3 {[%emt 0:02:35]} Na5 {[%emt 0:05:17]} 14. Bc2 {[%emt 0:01:23]} h6 {[%emt 0:19:23]} 15. b4 {[%emt 0:10:30]} Nc4 {[%emt 0:01:45]} 16. Bb3 {[%emt 0:03:31]} Nb6 {[%emt 0:00:35]} 17. Re1 {[%emt 0:01:23]} Nd5 {[%emt 0:01:07]} 18. a3 {[%emt 0:00:51]} Qf6 {[%emt 0:04:26]} 19. Bc4 {[%emt 0:08:50]} Rd8 {[%emt 0:07:08]} 20. Qb3 {[%emt 0:05:43]} g5 {[%emt 0:01:34]} 21. Bb2 {[%emt 0:02:19]} b6 {[%emt 0:00:19]} 22. Bxd5 {[%emt 0:14:39]} Rxd5 {[%emt 0:00:31]} 23. Rac1 {[%emt 0:01:47]} Bd6 {[%emt 0:01:47]} 24. Ne5 {[%emt 0:12:38]} Bb7 {[%emt 0:00:12]} 25. Rc2 {[%emt 0:02:06]} Re8 {[%emt 0:01:08]} 26. Qa4 {[%emt 0:02:25]} Ra8 {[%emt 0:00:02]} 27. Rce2 {[%emt 0:00:16]} b5 {[%emt 0:01:42]} 28. Qb3 {[%emt 0:00:50]} Bxe5 {[%emt 0:00:32]} 29. Rxe5 {[%emt 0:00:43]} Rxe5 {[%emt 0:00:23]} 30. Rxe5 {[%emt 0:00:11]} Re8 {[%emt 0:04:54]} 31. d5 {[%emt 0:02:23]} Bc8 {[%emt 0:00:29]} 32. Rxe6 {[%emt 0:03:53]} Rxe6 {[%emt 0:00:32]} 33. dxe6 {[%emt 0:00:56]} Bxe6 {[%emt 0:01:21]} 34. Bxf6 {[%emt 0:01:48]} Bxb3 {[%emt 0:00:05]} 35. Kf1 {[%emt 0:00:10]} Kf7 {[%emt 0:00:15]} 36. Bd4 {[%emt 0:00:21]} a6 {[%emt 0:00:04]} 1/2-1/2

[Event "Int SVK-ch Open 2020"]
[Site "Drienica"]
[Date "2020.08.13"]
[Round "5.11"]
[White "Stevik Patrik"]
[Black "Elias David"]
[Result "0-1"]
[WhiteElo "2076"]
[BlackElo "1781"]
[Annotator "ChessBase"]
[PlyCount "58"]
[EventDate "2020.08.07"]
[EventType "swiss"]
[EventCountry "SVK"]
[TimeControl "40/5400+30:1800+30"]

1. b3 {[%emt 0:02:44]} e5 {[%emt 0:00:00]} 2. Bb2 {[%emt 0:00:07]} Nc6 {[%emt 0:00:00]} 3. e3 {[%emt 0:00:05]} Nf6 {[%emt 0:00:26]} 4. Nf3 {[%emt 0:01:04]} e4 {[%emt 0:01:16]} 5. Nd4 {[%emt 0:00:03]} Nxd4 {[%emt 0:01:00]} 6. Bxd4 {[%emt 0:00:02]} Be7 {[%emt 0:02:58]} 7. c4 {[%emt 0:00:26]} c5 {[%emt 0:00:13]} 8. Bxf6 {[%emt 0:00:58]} Bxf6 {[%emt 0:00:21]} 9. Nc3 {[%emt 0:00:03]} d6 {[%emt 0:04:40]} 10. Qc2 {[%emt 0:00:20]} Bf5 {[%emt 0:01:45]} 11. Rd1 {[%emt 0:01:25]} Bxc3 {[%emt 0:09:02]} 12. Qxc3 {[%emt 0:02:08]} O-O {[%emt 0:01:57]} 13. d3 {[%emt 0:00:49]} Qe7 {[%emt 0:02:40]} 14. dxe4 {[%emt 0:04:10]} Bxe4 {[%emt 0:00:25]} 15. Bd3 {[%emt 0:01:01]} Rad8 {[%emt 0:12:43]} 16. O-O {[%emt 0:03:22]} d5 {[%emt 0:07:40]} 17. cxd5 {[%emt 0:05:35]} Bxd5 {[%emt 0:04:44]} 18. Qc2 {[%emt 0:06:00]} g6 {[%emt 0:08:14]} 19. e4 {[%emt 0:01:41]} Bc6 {[%emt 0:02:03]} 20. f4 {[%emt 0:02:35]} Rd4 {[%emt 0:02:08]} 21. e5 {[%emt 0:02:52]} Rfd8 {[%emt 0:02:44]} 22. Bc4 {[%emt 0:05:34]} Qd7 {[%emt 0:14:51]} 23. e6 {[%emt 0:06:42]} fxe6 {[%emt 0:07:57]} 24. f5 {[%emt 0:03:30]} Rxd1 {[%emt 0:02:34]} 25. Bxe6+ {[%emt 0:03:13]} Qxe6 {[%emt 0:00:26]} 26. fxe6 {[%emt 0:00:47]} R8d2 {[%emt 0:00:44]} 27. Rxd1 {[%emt 0:04:50]} Rxc2 {[%emt 0:00:10]} 28. Rd8+ {[%emt 0:00:06]} Kg7 {[%emt 0:00:34]} 29. e7 {[%emt 0:00:26]} Re2 {[%emt 0:00:12]} 0-1

[Event "Int SVK-ch Open 2020"]
[Site "Drienica"]
[Date "2020.08.11"]
[Round "5.11"]
[White "Durica, Andrej"]
[Black "Ivanecka, Natalia"]
[Result "1-0"]
[WhiteElo "1911"]
[BlackElo "1641"]
[Annotator "ChessBase"]
[PlyCount "47"]
[EventDate "2020.08.07"]
[EventType "swiss"]
[EventCountry "SVK"]
[SourceTitle "playchess.com"]
[Source "ChessBase"]
[SourceQuality "1"]
[TimeControl "40/5400+30:1800+30"]

1. e4 {[%emt 0:00:00]} e5 {[%emt 0:00:00]} 2. f4 {[%emt 0:00:08]} d6 {[%emt 0:00:07]} 3. Nf3 {[%emt 0:00:09]} Bg4 {[%emt 0:02:34]} 4. Bc4 {[%emt 0:02:08]} Nf6 {[%emt 0:02:34]} 5. d3 {[%emt 0:01:07]} Nc6 {[%emt 0:03:00]} 6. h3 {[%emt 0:03:21]} Bxf3 {[%emt 0:05:50]} 7. Qxf3 {[%emt 0:00:08]} Na5 {[%emt 0:07:51]} 8. Bb3 {[%emt 0:01:39]} Nxb3 {[%emt 0:00:16]} 9. axb3 {[%emt 0:00:02]} Qd7 {[%emt 0:02:42]} 10. Nc3 {[%emt 0:02:58]} a6 {[%emt 0:01:52]} 11. O-O {[%emt 0:02:30]} Be7 {[%emt 0:02:25]} 12. Be3 {[%emt 0:04:22]} O-O-O {[%emt 0:04:37]} 13. Rad1 {[%emt 0:07:05]} Rhg8 {[%emt 0:05:24]} 14. d4 {[%emt 0:00:44]} exf4 {[%emt 0:00:38]} 15. Bxf4 {[%emt 0:00:55]} g5 {[%emt 0:00:08]} 16. Bh2 {[%emt 0:01:23]} g4 {[%emt 0:00:48]} 17. hxg4 {[%emt 0:00:24]} Rxg4 {[%emt 0:01:28]} 18. e5 {[%emt 0:00:48]} Nh5 {[%emt 0:11:27]} 19. e6 {[%emt 0:01:28]} Qxe6 {[%emt 0:01:18]} 20. Rde1 {[%emt 0:00:10]} Qg6 {[%emt 0:07:07]} 21. Rxe7 {[%emt 0:01:03]} Rg8 {[%emt 0:00:59]} 22. Re2 {[%emt 0:10:02]} Qh6 {[%emt 0:05:27]} 23. Qxf7 {[%emt 0:05:32]} b6 {[%emt 0:08:28]} 24. Re8+ {[%emt 0:07:32]} 1-0

[Event "Int SVK-ch Open 2020"]
[Site "Drienica"]
[Date "2020.08.11"]
[Round "5.12"]
[White "Bujna, Martin"]
[Black "Kulich, Daniel"]
[Result "1-0"]
[WhiteElo "1841"]
[BlackElo "1492"]
[Annotator "NA"]
[PlyCount "65"]
[EventDate "2020.08.07"]
[EventType "swiss"]
[EventCountry "SVK"]
[SourceTitle "playchess.com"]
[Source "ChessBase"]
[SourceQuality "1"]
[TimeControl "40/5400+30:1800+30"]

1. d4 d5 2. c4 e6 3. Nc3 Be7 4. e3 Nf6 5. Nf3 O-O 6. Bd3 Nbd7 7. O-O b6 8. Qc2 Bb7 9. cxd5 exd5 10. Bd2 Re8 11. Ne5 a5 12. Bf5 g6 13. Bd3 Bf8 14. Bb5 Ba6 15. Nxd7 Nxd7 16. Bxa6 Rxa6 17. Nxd5 Ra7 18. e4 Nf6 19. Nxf6+ Qxf6 20. e5 Qe6 21. Be3 f6 22. exf6 Qxf6 23. Rac1 Bd6 24. Qc4+ Kg7 25. d5 Qf5 26. Bd4+ Kh6 27. Rc3 g5 28. Rh3+ Kg6 29. Rf3 Qg4 30. Qd3+ Qe4 31. Rf6+ Kh5 32. Qh3+ Qh4 33. g4# 1-0